| 000 | 00684nam a2200217 a 4500 | ||
|---|---|---|---|
| 001 | BRCA_900 | ||
| 005 | 20190320203211.0 | ||
| 008 | 031105s1801----au-a######---#000-0#ger-d | ||
| 041 | _ager | ||
| 044 | _aau | ||
| 050 | 4 |
_aF1386.F7 _b.G37 1801 |
|
| 245 | 1 | 0 |
_aGaspar Freymuth _boder die Begebenheiten einer Mexicanischen Familie : eine Robinsonade. |
| 260 |
_aViena y Praga _bFranz Haas _c1801 |
||
| 300 |
_a183 p. _bil. _c17 cm. |
||
| 500 | _aEstado físico: Las hojas presentan manchas y algunas roturas. Lomo deteriorado | ||
| 500 | _aB189 | ||
| 600 | 1 | 4 |
_aFreymuth, Gaspar _vBiografías _92994 |
| 651 | 4 |
_aMéxico _xVida social y costumbres _9769 |
|
| 902 | _aGFM | ||
| 942 |
_2lcc _cB |
||
| 999 |
_c794 _d794 |
||